000 00928nam a2200253 i 4500
001 169109
003 ES-MaACL
005 20250812062536.0
008 080818s19551955sp |||| | spa d
080 _a32:282
100 1 _aOlivar Bertrand, R.
_986762
245 1 0 _aDos católicos frente a frente
_b: Lord Acton y Ramón Nocedal /
_cRafael Olivar Bertrand.
260 _aMadrid :
_bAteneo,
_c1955.
300 _a34 p. :
_b1 lam. ;
_c19 cm.
490 1 _aColección "O crece o muere" ;
_v82
500 _aEl original fue dado a conocer por el autor en la Obra Cultural de la Caja de Ahorros de Vitoria, el día 24 de mayo de 1954.
650 0 4 _aCristianismo y política.
_911439
710 2 _aAteneo de Madrid.
_91875
830 0 0 _aColección "O crece o muere"
_v82
_9183476
852 _aES-MaACL
_9175733
_jJ-24(82)
_cDEPO2
852 _aES-MaACL
_9175732
_jJ-25(82)
_cDEPO2
942 _2udc
999 _c169109
_d169109